000 00626nam a2200253Ia 4500
003 OSt
005 20221007102028.0
006 a|||||r|||| 00| 0
007 ta
008 221006b |||||||| |||| 00| 0 eng d
024 _a9,237
037 _cTextual
040 _aLCO
_cLCO
_beng
041 _2eng
_aeng
082 _aZ2,2674, P0
100 _aLangford D.
_9704168
245 0 _aInternet Ethics
250 _a1st
260 _aLondon
_bMacmilan Press India
_c2000
300 _a281
650 _aCYBER LAW
_9702180
942 _hZ2,2674, P0
_cTEXL
999 _c1178800
_d1178800